000 00447pab a2200169 454500
008 180718b2014 xxu||||| |||| 00| 0 eng d
100 _aGunn, Geoffrey C.
245 _aCoercion and co-option of Indochinese worker soldiers
260 _c2014
300 _ap.63-84.
362 _aJul-Aug
650 _aIndia - Foreign relations - China
650 _aInternational relations
773 _aSocial Scientist
908 _aN
909 _a105174
999 _c105169
_d105169